|
|
|
|
| LEADER |
00800cam a2200229 7i4500 |
| 001 |
0000043516 |
| 005 |
20200605090000.0 |
| 020 |
|
|
|a 9780444537379 (hbk.)
|
| 090 |
0 |
0 |
|a R853.S7
|b E25 2011
|
| 245 |
0 |
0 |
|a Essential statistical methods for medical statistics
|c edited by C. R. Rao, J. P. Miller, D. C. Rao.
|
| 250 |
|
|
|a 1st ed.
|
| 260 |
|
|
|a Amsterdam:
|b Elsevier,
|c 2011.
|
| 300 |
|
|
|a x, 351 p.;
|c 24 cm.
|
| 490 |
0 |
|
|a A derivative of handbook of statistics : Epidemiology and medical statistics;
|v v.27
|
| 650 |
0 |
0 |
|a Statistics
|
| 650 |
0 |
0 |
|a Medicine --
|x Research --
|x Statistical methods
|
| 650 |
0 |
0 |
|a Medical statistics
|
| 700 |
1 |
|
|a Rao, C. R.
|
| 700 |
1 |
|
|a Miller, J. P.
|
| 700 |
1 |
|
|a Rao, D. C.
|
| 997 |
|
|
|a Health Sciences, Faculty
|
| 999 |
|
|
|a 0000054947
|b BOK
|c OPEN SHELF
|e 1st Floor, Shah Alam
|